[Event "CZE-ch 2020"]
[Site "Pilsen"]
[Date "2020.08.23"]
[Round "1.29"]
[White "Klement, Lukas"]
[Black "Hlozek, David"]
[Result "1-0"]
[WhiteElo "2260"]
[BlackElo "2037"]
[Annotator "ChessBase"]
[PlyCount "79"]
[EventDate "2020.08.23"]
[EventType "swiss"]
[EventCountry "CZE"]
[SourceTitle "playchess.com"]
[Source "ChessBase"]
[SourceQuality "1"]
[TimeControl "40/5400+30:1800+30"]

1. e4 {[%emt 0:00:00]} c5 {[%emt 0:00:00]} 2. Nf3 {[%emt 0:00:00]} d6 {[%emt 0:00:00]} 3. d4 {[%emt 0:00:10]} cxd4 {[%emt 0:00:00]} 4. Nxd4 {[%emt 0:00:20]} Nf6 {[%emt 0:00:00]} 5. Nc3 {[%emt 0:00:13]} a6 {[%emt 0:00:00]} 6. g3 {[%emt 0:02:32]} e5 {[%emt 0:00:48]} 7. Nde2 {[%emt 0:01:14]} Be7 {[%emt 0:00:57]} 8. Bg2 {[%emt 0:00:10]} Nbd7 {[%emt 0:01:11]} 9. a4 {[%emt 0:01:51]} Qc7 {[%emt 0:03:00]} 10. O-O {[%emt 0:02:37]} b6 {[%emt 0:01:41]} 11. Nd5 {[%emt 0:08:16]} Nxd5 {[%emt 0:00:22]} 12. Qxd5 {[%emt 0:00:19]} Bb7 {[%emt 0:00:28]} 13. Qd3 {[%emt 0:00:25]} O-O {[%emt 0:12:48]} 14. c4 {[%emt 0:01:55]} Nc5 {[%emt 0:04:15]} 15. Qc2 {[%emt 0:00:49]} Rac8 {[%emt 0:03:26]} 16. Nc3 {[%emt 0:04:34]} Ne6 {[%emt 0:07:42]} 17. b3 {[%emt 0:05:00]} Nd4 {[%emt 0:04:41]} 18. Qd1 {[%emt 0:15:59]} Bc6 {[%emt 0:08:33]} 19. Be3 {[%emt 0:08:51]} Ne6 {[%emt 0:10:38]} 20. Rc1 {[%emt 0:02:41]} Qb7 {[%emt 0:01:07]} 21. Nd5 {[%emt 0:06:21]} Bxd5 {[%emt 0:00:39]} 22. cxd5 {[%emt 0:02:01]} Nc5 {[%emt 0:01:15]} 23. b4 {[%emt 0:01:38]} Nd7 {[%emt 0:00:38]} 24. Qd3 {[%emt 0:04:37]} a5 {[%emt 0:25:01]} 25. Qb5 {[%emt 0:03:50]} axb4 {[%emt 0:02:06]} 26. Rc6 {[%emt 0:05:21]} Rb8 {[%emt 0:02:33]} 27. Rb1 {[%emt 0:02:04]} Nc5 {[%emt 0:01:09]} 28. Rxb4 {[%emt 0:00:58]} Qa7 {[%emt 0:01:59]} 29. f4 {[%emt 0:03:12]} f6 {[%emt 0:01:31]} 30. Bh3 {[%emt 0:02:36]} Rfd8 {[%emt 0:02:15]} 31. Qc4 {[%emt 0:01:48]} Rb7 {[%emt 0:01:28]} 32. Bxc5 {[%emt 0:08:17]} bxc5 {[%emt 0:01:16]} 33. Rxb7 {[%emt 0:00:26]} Qxb7 {[%emt 0:00:04]} 34. Qb5 {[%emt 0:00:07]} Qxb5 {[%emt 0:01:19]} 35. axb5 {[%emt 0:00:01]} Rb8 {[%emt 0:00:14]} 36. b6 {[%emt 0:01:03]} Kf8 {[%emt 0:00:45]} 37. Bc8 {[%emt 0:00:29]} Ke8 {[%emt 0:00:34]} 38. b7 {[%emt 0:00:05]} Kf7 {[%emt 0:01:48]} 39. f5 {[%emt 0:00:17]} g6 {[%emt 0:00:21]} 40. Be6+ {[%emt 0:00:13]} 1-0

[Event "CZE-ch 2020"]
[Site "Pilsen"]
[Date "2020.08.23"]
[Round "1.30"]
[White "Turner, Radek"]
[Black "Svanda, Ondrej"]
[Result "0-1"]
[WhiteElo "2024"]
[BlackElo "2250"]
[Annotator "ChessBase"]
[PlyCount "60"]
[EventDate "2020.08.23"]
[EventType "swiss"]
[EventCountry "CZE"]
[SourceTitle "playchess.com"]
[Source "ChessBase"]
[SourceQuality "1"]
[TimeControl "40/5400+30:1800+30"]

1. c4 {[%emt 0:00:00]} e5 {[%emt 0:00:01]} 2. g3 {[%emt 0:00:00]} Nf6 {[%emt 0:01:05]} 3. Bg2 {[%emt 0:00:00]} c6 {[%emt 0:00:17]} 4. d4 {[%emt 0:00:05]} e4 {[%emt 0:00:05]} 5. Nc3 {[%emt 0:00:20]} d5 {[%emt 0:00:03]} 6. cxd5 {[%emt 0:00:13]} cxd5 {[%emt 0:00:02]} 7. Qb3 {[%emt 0:02:56]} Nc6 {[%emt 0:17:41]} 8. Bg5 {[%emt 0:07:10]} Be6 {[%emt 0:15:06]} 9. Rd1 {[%emt 0:07:06]} Be7 {[%emt 0:19:20]} 10. Nh3 {[%emt 0:06:21]} Qd7 {[%emt 0:00:57]} 11. Nf4 {[%emt 0:00:36]} Na5 {[%emt 0:04:18]} 12. Qc2 {[%emt 0:05:10]} Rc8 {[%emt 0:00:16]} 13. Nxe6 {[%emt 0:02:05]} fxe6 {[%emt 0:03:09]} 14. a3 {[%emt 0:06:36]} O-O {[%emt 0:00:19]} 15. O-O {[%emt 0:00:09]} h6 {[%emt 0:00:38]} 16. Bf4 {[%emt 0:00:28]} Nc4 {[%emt 0:03:05]} 17. Qb3 {[%emt 0:02:20]} Rc6 {[%emt 0:02:01]} 18. Na4 {[%emt 0:02:34]} Rfc8 {[%emt 0:01:21]} 19. Bd2 {[%emt 0:07:29]} Ra6 {[%emt 0:03:19]} 20. Nc5 {[%emt 0:02:11]} Bxc5 {[%emt 0:00:02]} 21. dxc5 {[%emt 0:00:08]} Nxd2 {[%emt 0:00:01]} 22. Rxd2 {[%emt 0:00:43]} Rxc5 {[%emt 0:00:03]} 23. Qe3 {[%emt 0:02:08]} Qc7 {[%emt 0:00:33]} 24. Bh3 {[%emt 0:04:10]} Rb6 {[%emt 0:07:06]} 25. Rfd1 {[%emt 0:02:49]} e5 {[%emt 0:02:28]} 26. g4 {[%emt 0:01:34]} d4 {[%emt 0:01:19]} 27. Qg3 {[%emt 0:00:10]} e3 {[%emt 0:00:31]} 28. fxe3 {[%emt 0:06:05]} Ne4 {[%emt 0:00:01]} 29. Qf3 {[%emt 0:01:54]} Nxd2 {[%emt 0:00:02]} 30. Rxd2 {[%emt 0:00:09]} Rf6 0-1

[Event "CZE-ch 2020"]
[Site "Pilsen"]
[Date "2020.08.23"]
[Round "1.31"]
[White "Zeman, Matyas"]
[Black "Kures, Michael"]
[Result "1-0"]
[WhiteElo "2250"]
[BlackElo "2019"]
[Annotator "ChessBase"]
[PlyCount "103"]
[EventDate "2020.08.23"]
[EventType "swiss"]
[EventCountry "CZE"]
[SourceTitle "playchess.com"]
[Source "ChessBase"]
[SourceQuality "1"]
[TimeControl "40/5400+30:1800+30"]

1. Nf3 {[%emt 0:00:00]} Nf6 {[%emt 0:00:00]} 2. d4 {[%emt 0:01:09]} g6 {[%emt 0:00:11]} 3. Nbd2 {[%emt 0:00:12]} Bg7 {[%emt 0:00:30]} 4. e4 {[%emt 0:00:11]} d6 {[%emt 0:01:09]} 5. Bd3 {[%emt 0:00:08]} O-O {[%emt 0:00:25]} 6. O-O {[%emt 0:00:20]} Nbd7 {[%emt 0:04:05]} 7. Re1 {[%emt 0:01:20]} e5 {[%emt 0:00:37]} 8. c3 {[%emt 0:00:06]} Nh5 {[%emt 0:05:13]} 9. Nc4 {[%emt 0:07:19]} Nf4 {[%emt 0:04:34]} 10. Bc2 {[%emt 0:09:27]} Nb6 {[%emt 0:05:06]} 11. Ne3 {[%emt 0:00:47]} Qe7 {[%emt 0:08:56]} 12. a4 {[%emt 0:02:37]} a5 {[%emt 0:03:30]} 13. b3 {[%emt 0:01:25]} h5 {[%emt 0:04:53]} 14. dxe5 {[%emt 0:33:29]} dxe5 {[%emt 0:02:08]} 15. Nd5 {[%emt 0:00:32]} Nbxd5 {[%emt 0:20:28]} 16. exd5 {[%emt 0:00:01]} Qf6 {[%emt 0:01:24]} 17. Be4 {[%emt 0:12:18]} g5 {[%emt 0:07:05]} 18. Ba3 {[%emt 0:02:38]} Rd8 {[%emt 0:06:18]} 19. c4 {[%emt 0:00:11]} Bf5 {[%emt 0:09:24]} 20. Qc2 {[%emt 0:02:02]} Bxe4 {[%emt 0:02:00]} 21. Qxe4 {[%emt 0:00:15]} Re8 {[%emt 0:00:11]} 22. Rad1 {[%emt 0:04:30]} g4 {[%emt 0:00:38]} 23. Nd2 {[%emt 0:00:08]} Rad8 {[%emt 0:02:01]} 24. Nf1 {[%emt 0:00:30]} Qg5 {[%emt 0:01:14]} 25. Ne3 {[%emt 0:02:24]} b6 {[%emt 0:02:00]} 26. Nf5 {[%emt 0:07:08]} Bf8 {[%emt 0:03:42]} 27. Bxf8 {[%emt 0:00:27]} Kxf8 {[%emt 0:00:10]} 28. Re3 {[%emt 0:02:57]} Ng6 {[%emt 0:01:36]} 29. Rde1 {[%emt 0:00:43]} Kg8 {[%emt 0:01:09]} 30. h3 {[%emt 0:02:07]} Ne7 {[%emt 0:01:47]} 31. hxg4 {[%emt 0:01:14]} hxg4 {[%emt 0:00:13]} 32. Qxg4 {[%emt 0:04:00]} Qxg4 {[%emt 0:00:10]} 33. Nh6+ {[%emt 0:00:04]} Kg7 {[%emt 0:00:36]} 34. Nxg4 {[%emt 0:00:01]} f6 {[%emt 0:00:18]} 35. Rf3 {[%emt 0:01:10]} Rf8 {[%emt 0:01:24]} 36. Ne3 {[%emt 0:03:08]} f5 {[%emt 0:00:44]} 37. Nc2 {[%emt 0:00:18]} Ng6 {[%emt 0:00:29]} 38. Rfe3 {[%emt 0:00:40]} Rh8 {[%emt 0:00:49]} 39. g3 {[%emt 0:00:57]} Rh5 {[%emt 0:00:32]} 40. Rxe5 {[%emt 0:00:31]} Nxe5 {[%emt 0:00:20]} 41. Rxe5 {[%emt 0:30:01]} Rd7 {[%emt 0:31:05]} 42. Nd4 {[%emt 0:00:56]} Rf7 {[%emt 0:00:00]} 43. g4 {[%emt 0:00:00]} Rg5 {[%emt 0:00:00]} 44. Nxf5+ {[%emt 0:00:00]} Kf8 {[%emt 0:00:00]} 45. f3 {[%emt 0:00:00]} Rg6 {[%emt 0:00:00]} 46. Kg2 {[%emt 0:00:00]} Rg5 {[%emt 0:00:00]} 47. Kg3 {[%emt 0:00:00]} Rh7 {[%emt 0:00:00]} 48. f4 {[%emt 0:00:00]} Rg6 {[%emt 0:00:00]} 49. Re1 {[%emt 0:00:00]} Rf7 {[%emt 0:00:00]} 50. Nd4 {[%emt 0:00:00]} Re7 {[%emt 0:00:00]} 51. Ne6+ {[%emt 0:00:00]} Kg8 {[%emt 0:00:00]} 52. f5 {[%emt 0:00:00]} 1-0

[Event "CZE-ch 2020"]
[Site "Pilsen"]
[Date "2020.08.23"]
[Round "1.32"]
[White "Benes, Miroslav"]
[Black "Freisler, Pavel"]
[Result "0-1"]
[WhiteElo "2011"]
[BlackElo "2249"]
[Annotator "ChessBase"]
[PlyCount "88"]
[EventDate "2020.08.23"]
[EventType "swiss"]
[EventCountry "CZE"]
[SourceTitle "playchess.com"]
[Source "ChessBase"]
[SourceQuality "1"]
[TimeControl "40/5400+30:1800+30"]

1. d4 {[%emt 0:00:00]} Nf6 {[%emt 0:00:00]} 2. c4 {[%emt 0:00:00]} d6 {[%emt 0:00:01]} 3. Nc3 {[%emt 0:00:05]} Nbd7 {[%emt 0:00:07]} 4. e4 {[%emt 0:00:17]} e5 {[%emt 0:00:05]} 5. Nf3 {[%emt 0:00:06]} Be7 {[%emt 0:00:16]} 6. Be2 {[%emt 0:00:05]} O-O {[%emt 0:00:04]} 7. O-O {[%emt 0:00:25]} c6 {[%emt 0:00:04]} 8. Be3 {[%emt 0:03:04]} Ng4 {[%emt 0:04:09]} 9. Bc1 {[%emt 0:00:34]} a6 {[%emt 0:04:30]} 10. h3 {[%emt 0:01:56]} Ngf6 {[%emt 0:00:02]} 11. dxe5 {[%emt 0:00:16]} dxe5 {[%emt 0:00:41]} 12. Qc2 {[%emt 0:00:20]} Qc7 {[%emt 0:03:07]} 13. Na4 {[%emt 0:08:05]} Nc5 {[%emt 0:00:38]} 14. Nxc5 {[%emt 0:00:32]} Bxc5 {[%emt 0:00:08]} 15. Bd2 {[%emt 0:05:49]} a5 {[%emt 0:15:45]} 16. Bc3 {[%emt 0:04:56]} Re8 {[%emt 0:01:45]} 17. Nd2 {[%emt 0:02:38]} Be6 {[%emt 0:14:06]} 18. b3 {[%emt 0:02:38]} Rad8 {[%emt 0:05:58]} 19. a3 {[%emt 0:10:33]} Bd4 {[%emt 0:06:11]} 20. b4 {[%emt 0:10:58]} Bxc3 {[%emt 0:09:50]} 21. Qxc3 {[%emt 0:00:09]} Rd4 {[%emt 0:01:30]} 22. Bf3 {[%emt 0:05:38]} Red8 {[%emt 0:08:35]} 23. Rfd1 {[%emt 0:00:32]} c5 {[%emt 0:03:58]} 24. Kh2 {[%emt 0:11:52]} h6 {[%emt 0:07:32]} 25. bxa5 {[%emt 0:06:39]} R8d7 {[%emt 0:02:18]} 26. Qc2 {[%emt 0:09:03]} Qd8 {[%emt 0:01:16]} 27. Nb3 {[%emt 0:00:32]} Rxc4 {[%emt 0:00:35]} 28. Rxd7 {[%emt 0:00:21]} Qxd7 {[%emt 0:00:39]} 29. Qb2 {[%emt 0:00:32]} Qd3 {[%emt 0:03:19]} 30. Rc1 {[%emt 0:05:45]} Rxc1 {[%emt 0:02:43]} 31. Nxc1 {[%emt 0:00:02]} Qa6 {[%emt 0:02:04]} 32. Qxe5 {[%emt 0:00:38]} Qxa5 {[%emt 0:00:26]} 33. Qb8+ {[%emt 0:03:10]} Kh7 {[%emt 0:00:02]} 34. Qxb7 {[%emt 0:02:01]} Qxa3 {[%emt 0:00:44]} 35. Qb1 {[%emt 0:01:14]} g6 {[%emt 0:00:34]} 36. e5 {[%emt 0:00:43]} Nd7 {[%emt 0:00:39]} 37. Ne2 {[%emt 0:04:27]} Nxe5 {[%emt 0:00:38]} 38. Be4 {[%emt 0:00:37]} c4 {[%emt 0:00:47]} 39. f4 {[%emt 0:00:21]} Nd3 {[%emt 0:00:33]} 40. f5 {[%emt 0:01:47]} gxf5 {[%emt 0:01:47]} 41. Bxd3 {[%emt 0:30:23]} cxd3 {[%emt 0:31:47]} 42. Nf4 {[%emt 0:00:26]} Qd6 {[%emt 0:00:00]} 43. g3 {[%emt 0:00:00]} d2 {[%emt 0:00:00]} 44. Qd1 {[%emt 0:00:00]} Bc4 {[%emt 0:00:00]} 0-1

[Event "CZE-ch 2020"]
[Site "Pilsen"]
[Date "2020.08.23"]
[Round "1.33"]
[White "Gloser, David"]
[Black "Laurincova, Kristyna"]
[Result "1/2-1/2"]
[WhiteElo "2248"]
[BlackElo "2008"]
[Annotator "ChessBase"]
[PlyCount "82"]
[EventDate "2020.08.23"]
[EventType "swiss"]
[EventCountry "CZE"]
[SourceTitle "playchess.com"]
[Source "ChessBase"]
[SourceQuality "1"]
[TimeControl "40/5400+30:1800+30"]

1. Nf3 {[%emt 0:00:00]} Nf6 {[%emt 0:00:00]} 2. b3 {[%emt 0:00:21]} g6 {[%emt 0:00:26]} 3. Bb2 {[%emt 0:00:18]} Bg7 {[%emt 0:00:05]} 4. g3 {[%emt 0:01:36]} O-O {[%emt 0:01:56]} 5. Bg2 {[%emt 0:01:19]} c5 {[%emt 0:04:20]} 6. c4 {[%emt 0:01:01]} Nc6 {[%emt 0:01:55]} 7. O-O {[%emt 0:02:32]} d6 {[%emt 0:10:53]} 8. d4 {[%emt 0:02:47]} Ne4 {[%emt 0:07:02]} 9. e3 {[%emt 0:12:08]} Bg4 {[%emt 0:05:27]} 10. h3 {[%emt 0:15:43]} Bxf3 {[%emt 0:01:28]} 11. Bxf3 {[%emt 0:00:07]} Ng5 {[%emt 0:00:11]} 12. Bxc6 {[%emt 0:13:25]} bxc6 {[%emt 0:00:10]} 13. h4 {[%emt 0:00:26]} Ne6 {[%emt 0:02:25]} 14. Qd2 {[%emt 0:03:26]} a5 {[%emt 0:15:39]} 15. d5 {[%emt 0:02:42]} Bxb2 {[%emt 0:01:05]} 16. Qxb2 {[%emt 0:00:07]} cxd5 {[%emt 0:00:06]} 17. cxd5 {[%emt 0:00:43]} Nc7 {[%emt 0:00:07]} 18. Nc3 {[%emt 0:01:53]} Qb8 {[%emt 0:00:29]} 19. Qe2 {[%emt 0:06:44]} Qb4 {[%emt 0:01:10]} 20. Rac1 {[%emt 0:00:49]} Rfb8 {[%emt 0:03:20]} 21. Rfd1 {[%emt 0:01:13]} Nb5 {[%emt 0:01:19]} 22. Na4 {[%emt 0:01:42]} Na3 {[%emt 0:04:42]} 23. Nb2 {[%emt 0:03:05]} Qe4 {[%emt 0:07:53]} 24. Nc4 {[%emt 0:08:04]} Nxc4 {[%emt 0:05:12]} 25. Rxc4 {[%emt 0:00:11]} Qe5 {[%emt 0:01:01]} 26. e4 {[%emt 0:01:44]} Rb4 {[%emt 0:03:26]} 27. f4 {[%emt 0:00:36]} Qh5 {[%emt 0:02:52]} 28. Qxh5 {[%emt 0:02:16]} gxh5 {[%emt 0:00:02]} 29. Rdc1 {[%emt 0:00:48]} Rab8 {[%emt 0:08:31]} 30. Rxb4 {[%emt 0:02:41]} axb4 {[%emt 0:00:15]} 31. Kf2 {[%emt 0:01:04]} Ra8 {[%emt 0:00:01]} 32. Rc2 {[%emt 0:00:08]} Kg7 {[%emt 0:05:26]} 33. Ke3 {[%emt 0:04:07]} Kf6 {[%emt 0:04:42]} 34. Kd3 {[%emt 0:04:45]} Rg8 {[%emt 0:02:11]} 35. Rg2 {[%emt 0:00:05]} e6 {[%emt 0:00:46]} 36. Kc4 {[%emt 0:01:04]} Ke7 {[%emt 0:00:41]} 37. e5 {[%emt 0:01:08]} Rg4 {[%emt 0:00:38]} 38. exd6+ {[%emt 0:01:40]} Kxd6 {[%emt 0:00:06]} 39. dxe6 {[%emt 0:00:05]} fxe6 {[%emt 0:00:10]} 40. Rd2+ {[%emt 0:00:16]} Kc6 {[%emt 0:01:04]} 41. Re2 {[%emt 0:32:21]} Kd6 {[%emt 0:30:02]} 1/2-1/2

[Event "CZE-ch 2020"]
[Site "Pilsen"]
[Date "2020.08.23"]
[Round "1.34"]
[White "Brozka, Karel"]
[Black "Novotny, Michal"]
[Result "0-1"]
[WhiteElo "1991"]
[BlackElo "2246"]
[Annotator "ChessBase"]
[PlyCount "94"]
[EventDate "2020.08.23"]
[EventType "swiss"]
[EventCountry "CZE"]
[SourceTitle "playchess.com"]
[Source "ChessBase"]
[SourceQuality "1"]
[TimeControl "40/5400+30:1800+30"]

1. d4 {[%emt 0:00:00]} d5 {[%emt 0:00:00]} 2. c4 {[%emt 0:00:21]} e6 {[%emt 0:00:00]} 3. Nc3 {[%emt 0:00:23]} Nf6 {[%emt 0:00:00]} 4. Nf3 {[%emt 0:00:32]} c6 {[%emt 0:00:03]} 5. Bg5 {[%emt 0:00:34]} Nbd7 {[%emt 0:00:02]} 6. e3 {[%emt 0:00:45]} Qa5 {[%emt 0:00:02]} 7. Bxf6 {[%emt 0:01:05]} Nxf6 {[%emt 0:00:02]} 8. Bd3 {[%emt 0:00:37]} Bb4 {[%emt 0:00:08]} 9. Qb3 {[%emt 0:00:36]} dxc4 {[%emt 0:00:48]} 10. Bxc4 {[%emt 0:00:19]} O-O {[%emt 0:03:08]} 11. O-O {[%emt 0:00:38]} Bxc3 {[%emt 0:11:04]} 12. bxc3 {[%emt 0:04:35]} b6 {[%emt 0:04:23]} 13. Ne5 {[%emt 0:04:02]} Bb7 {[%emt 0:00:20]} 14. a4 {[%emt 0:20:54]} c5 {[%emt 0:18:38]} 15. f3 Nd5 {[%emt 0:06:07]} 16. Bxd5 {[%emt 0:15:12]} exd5 {[%emt 0:00:13]} 17. e4 {[%emt 0:10:40]} cxd4 {[%emt 0:24:01]} 18. cxd4 {[%emt 0:00:42]} Rac8 {[%emt 0:00:01]} 19. exd5 {[%emt 0:07:35]} Qxd5 {[%emt 0:08:10]} 20. Qxd5 {[%emt 0:00:18]} Bxd5 {[%emt 0:01:36]} 21. Rfc1 {[%emt 0:04:14]} Rfd8 {[%emt 0:00:30]} 22. Kf2 {[%emt 0:01:22]} f6 {[%emt 0:01:03]} 23. Nd3 {[%emt 0:01:52]} Rxc1 {[%emt 0:00:28]} 24. Rxc1 {[%emt 0:00:31]} Bb3 {[%emt 0:03:19]} 25. Ke3 {[%emt 0:03:37]} Rd7 {[%emt 0:00:27]} 26. Nb2 {[%emt 0:00:33]} Kf7 {[%emt 0:00:57]} 27. Rc3 {[%emt 0:02:13]} Bd5 {[%emt 0:03:00]} 28. Nd3 {[%emt 0:04:04]} Ke7 {[%emt 0:00:14]} 29. Nf4 {[%emt 0:02:57]} Bf7 {[%emt 0:00:28]} 30. h4 {[%emt 0:01:16]} Kd6 {[%emt 0:01:06]} 31. g4 {[%emt 0:05:58]} Be8 {[%emt 0:03:21]} 32. a5 {[%emt 0:02:12]} bxa5 {[%emt 0:03:40]} 33. h5 {[%emt 0:02:11]} a4 {[%emt 0:00:16]} 34. Kd3 {[%emt 0:00:44]} Rb7 {[%emt 0:02:28]} 35. Ne2 {[%emt 0:00:13]} Bb5+ {[%emt 0:00:26]} 36. Kd2 {[%emt 0:00:01]} Bxe2 {[%emt 0:00:25]} 37. Kxe2 {[%emt 0:01:34]} Kd5 38. Kd2 Kxd4 {[%emt 0:01:31]} 39. Rd3+ {[%emt 0:00:35]} Ke5 {[%emt 0:00:38]} 40. f4+ {[%emt 0:01:11]} Ke4 {[%emt 0:02:21]} 41. Ra3 {[%emt 0:30:05]} Rb2+ {[%emt 0:31:05]} 42. Kc1 {[%emt 0:00:09]} Rb4 {[%emt 0:00:06]} 43. g5 {[%emt 0:00:06]} f5 {[%emt 0:00:38]} 44. g6 {[%emt 0:00:31]} hxg6 {[%emt 0:00:14]} 45. hxg6 {[%emt 0:00:02]} Kxf4 {[%emt 0:00:13]} 46. Rc3 {[%emt 0:00:14]} Kg5 {[%emt 0:00:22]} 47. Rc6 {[%emt 0:00:03]} Rb6 {[%emt 0:00:30]} 0-1

[Event "CZE-ch 2020"]
[Site "Pilsen"]
[Date "2020.08.23"]
[Round "1.35"]
[White "Nemec, Pavel"]
[Black "Nemcova, Karin"]
[Result "1/2-1/2"]
[WhiteElo "2243"]
[BlackElo "1983"]
[Annotator "ChessBase"]
[PlyCount "161"]
[EventDate "2020.08.23"]
[EventType "swiss"]
[EventCountry "CZE"]
[SourceTitle "playchess.com"]
[Source "ChessBase"]
[SourceQuality "1"]
[TimeControl "40/5400+30:1800+30"]

1. e4 {[%emt 0:00:00]} c5 {[%emt 0:00:02]} 2. Nf3 {[%emt 0:00:00]} e6 {[%emt 0:00:12]} 3. d4 {[%emt 0:00:48]} cxd4 {[%emt 0:00:08]} 4. Nxd4 {[%emt 0:00:05]} Nc6 {[%emt 0:00:09]} 5. Nc3 {[%emt 0:00:39]} Qc7 {[%emt 0:00:18]} 6. Nxc6 {[%emt 0:01:25]} bxc6 {[%emt 0:00:40]} 7. Bd3 {[%emt 0:00:08]} Nf6 {[%emt 0:01:58]} 8. O-O {[%emt 0:00:38]} d5 {[%emt 0:01:38]} 9. Qe2 {[%emt 0:00:35]} Be7 {[%emt 0:07:25]} 10. e5 {[%emt 0:08:27]} Nd7 {[%emt 0:00:18]} 11. Bf4 {[%emt 0:01:22]} Nc5 {[%emt 0:03:10]} 12. Qg4 {[%emt 0:01:47]} Nxd3 {[%emt 0:02:53]} 13. cxd3 {[%emt 0:00:24]} g6 {[%emt 0:03:57]} 14. Rac1 {[%emt 0:02:37]} Rb8 {[%emt 0:00:53]} 15. b3 {[%emt 0:04:18]} g5 {[%emt 0:05:16]} 16. Be3 {[%emt 0:02:13]} h5 {[%emt 0:04:05]} 17. Qg3 {[%emt 0:01:47]} Rg8 {[%emt 0:16:09]} 18. f4 {[%emt 0:11:38]} g4 {[%emt 0:02:28]} 19. Qf2 {[%emt 0:08:53]} a5 {[%emt 0:02:47]} 20. Na4 {[%emt 0:00:33]} g3 {[%emt 0:15:17]} 21. hxg3 {[%emt 0:00:25]} Ba6 {[%emt 0:01:46]} 22. Rfd1 {[%emt 0:02:11]} Rg4 {[%emt 0:02:27]} 23. Nc5 {[%emt 0:07:49]} Bc8 {[%emt 0:00:57]} 24. Qf3 {[%emt 0:04:42]} f5 {[%emt 0:03:30]} 25. Bf2 {[%emt 0:07:06]} Bf8 {[%emt 0:02:46]} 26. Kh2 {[%emt 0:13:29]} Bh6 {[%emt 0:05:02]} 27. Rh1 {[%emt 0:00:12]} Qg7 {[%emt 0:03:50]} 28. Kg1 {[%emt 0:00:14]} Qg6 {[%emt 0:00:34]} 29. Be1 {[%emt 0:00:58]} Ra8 {[%emt 0:01:33]} 30. Kf2 {[%emt 0:01:21]} Ra7 {[%emt 0:00:22]} 31. Rh4 {[%emt 0:03:17]} Bxf4 {[%emt 0:01:43]} 32. Rxg4 {[%emt 0:00:21]} fxg4 {[%emt 0:00:07]} 33. Qxf4 {[%emt 0:00:37]} Rf7 {[%emt 0:00:08]} 34. Bd2 {[%emt 0:00:59]} Rf5 {[%emt 0:01:51]} 35. Ke2 {[%emt 0:02:16]} Rxf4 {[%emt 0:00:10]} 36. Bxf4 {[%emt 0:00:16]} Qf7 {[%emt 0:01:01]} 37. Rh1 {[%emt 0:00:53]} d4 {[%emt 0:01:22]} 38. Ne4 {[%emt 0:00:24]} Kd8 {[%emt 0:01:38]} 39. Nf6 {[%emt 0:01:37]} Kc7 {[%emt 0:00:09]} 40. Rxh5 {[%emt 0:00:43]} Kb6 {[%emt 0:00:21]} 41. Rh8 {[%emt 0:35:44]} Ba6 {[%emt 0:33:20]} 42. Rd8 {[%emt 0:00:24]} Qe7 {[%emt 0:00:58]} 43. Rd6 {[%emt 0:01:00]} Bc8 {[%emt 0:01:39]} 44. Nxg4 {[%emt 0:03:12]} Qh7 {[%emt 0:00:58]} 45. Nf2 {[%emt 0:00:34]} Qh2 {[%emt 0:02:20]} 46. Rxd4 {[%emt 0:02:21]} Qxg2 {[%emt 0:00:28]} 47. Be3 {[%emt 0:00:00]} Kc7 {[%emt 0:00:00]} 48. g4 {[%emt 0:00:00]} Bd7 {[%emt 0:00:00]} 49. Bd2 {[%emt 0:00:00]} a4 {[%emt 0:00:00]} 50. Rxa4 {[%emt 0:00:00]} c5 {[%emt 0:00:00]} 51. Rc4 {[%emt 0:00:00]} Qd5 {[%emt 0:00:00]} 52. Be3 {[%emt 0:00:00]} Qa8 {[%emt 0:00:00]} 53. Rxc5+ {[%emt 0:00:00]} Bc6 {[%emt 0:00:00]} 54. a4 {[%emt 0:00:00]} Qb7 {[%emt 0:00:00]} 55. Rc3 {[%emt 0:00:00]} Qb4 {[%emt 0:00:00]} 56. Ne4 {[%emt 0:00:00]} Kb7 {[%emt 0:00:00]} 57. Nc5+ {[%emt 0:00:00]} Ka8 {[%emt 0:00:00]} 58. Rc4 {[%emt 0:00:00]} Qa3 {[%emt 0:00:00]} 59. Rc2 {[%emt 0:00:00]} Qb4 {[%emt 0:00:00]} 60. g5 {[%emt 0:00:00]} Qg4+ {[%emt 0:00:00]} 61. Kd2 {[%emt 0:00:00]} Qg2+ {[%emt 0:00:00]} 62. Kc3 {[%emt 0:00:00]} Qg3 {[%emt 0:00:00]} 63. Bd4 {[%emt 0:00:00]} Bd5 {[%emt 0:00:00]} 64. Rf2 {[%emt 0:00:00]} Kb8 {[%emt 0:00:00]} 65. Na6+ {[%emt 0:00:00]} Kc8 {[%emt 0:00:00]} 66. Nb4 {[%emt 0:01:39]} Qxg5 {[%emt 0:00:00]} 67. Nxd5 {[%emt 0:00:26]} exd5 {[%emt 0:00:00]} 68. Rc2 {[%emt 0:02:54]} Kb7 {[%emt 0:00:59]} 69. b4 {[%emt 0:00:50]} Qh4 {[%emt 0:00:49]} 70. b5 {[%emt 0:01:46]} Qe1+ {[%emt 0:00:29]} 71. Kb3 {[%emt 0:00:27]} Qd1 {[%emt 0:00:16]} 72. Bc3 {[%emt 0:01:48]} Qxd3 {[%emt 0:00:27]} 73. Rd2 {[%emt 0:01:23]} Qc4+ {[%emt 0:01:15]} 74. Kb2 {[%emt 0:00:01]} Qxa4 {[%emt 0:00:10]} 75. Rxd5 {[%emt 0:00:09]} Qc4 {[%emt 0:00:18]} 76. Rd4 {[%emt 0:00:20]} Qe2+ {[%emt 0:02:30]} 77. Ka3 {[%emt 0:00:05]} Kb6 {[%emt 0:00:25]} 78. Rb4 {[%emt 0:00:35]} Qd3 {[%emt 0:00:56]} 79. Rb3 {[%emt 0:00:20]} Qd5 {[%emt 0:00:18]} 80. Ka2 {[%emt 0:01:04]} Qe4 {[%emt 0:00:39]} 81. Ka3 {[%emt 0:00:43]} 1/2-1/2